00775nam a22001577a 4500003000900000005001700009007000300026008004100029040002500070082001300095100000300108245021600111260008800327300002700415500017500442DO-SdBNP20220425112047.0ta110301s2011 dr a 000 0 spa d aDO-SdBNPbspacBNPHU 4axxxbxxx1 00aRetiro para descubrir con el Señor y la comunidad nuestra historia de salvación personal, familiar y de nuestro pueblo :bconclusión de la primera unidad del discipulado sobre la historia de salvación / aSanto Domingo :bPlan Nacional de Pastoral, bInstituto Nacional de Pastoralc2011. a128 p. :bil.,c22 cm. aCon el apoyo de: Conferencia del Episcopado Dominicano. Comisión Nacional de la Misión Continental. Comisión Nacional de Catequesis. Instituto Nacional de Pastoral.